000 00286nam a22001097a 4500
082 _a380.0678TAN
100 _aUNITED REPUBLIC OF TANZANIA
245 _aTANZANIA TRANSPORT AND COMMUNICATIONS
260 _aDAR ES SALAAM
_bGOVERMENT PRINTER
_c1979
300 _a15P.
_bill;20cm
942 _cBK
999 _c19780
_d19780